000 00641nam a2200217 u 4500
005 20250903063915.0
008 120827s2010 r 000 0 eng d
020 _a9786071108081
035 _aUPN01000186345
049 _aI
050 4 _aPZ74
_bF6.5
100 1 _aForcada, Alberto,
_d1969-
_932572
245 1 0 _aMundos de bolsillo /
_cAlberto Forcada ; il. Victor Manuel García Bernal.
260 _aMéxico :
_bAlfaguara,
_c2010.
300 _a52 p. :
_bil. col.
440 0 _aAlfaguara juvenil
650 4 _aLiteratura mexicana
_ySiglo XXI
_917492
650 4 _aCuentos mexicanos
_96937
905 _aInfantil
999 _c158448
_d158448